Полное собрание сочинений (Запис номер 390400)
[ съкратено ]
| 000 -Лидер | |
|---|---|
| Контролно поле с фиксирана дължина | nam a22 a 4500 |
| 003 - Код на организацията, давaща контролен номер | |
| Контролно поле | BLK |
| 005 - Дата и час на последна редакция | |
| Контролно поле | 20201026132517.0 |
| 008 - Елементи от данни с фиксирана дължина | |
| fixed length control field | 201021b bu ||||| |||| 00| 0 bu d |
| 040 ## - Източник на каталожния запис | |
| Идентификатор на билиотеката - собственик на записа | BLK |
| 041 ## - Код за език | |
| Код за езика на текст/звукозапис или на отделно заглавие | Руски |
| Код за езика КДБФ | Руски |
| 080 ## - УДК | |
| Текстов определител УДК | Руска литература |
| УДК код - определител по УДК | 821.161.1 |
| УДК определител | -31 |
| УДК - код + определител | 821.161.1-31 |
| 100 ## - Редна дума - Автор | |
| R(LIN) | 380617 |
| Автор | Гончаров, Иван Александрович |
| Авторска отговорност | първи автор |
| 245 ## - Сведения за заглавието | |
| Заглавие | Полное собрание сочинений |
| Подзаглавни данни | Т. 1 - |
| Редно поле (дума) | И. А. Гончаров ; С портр. авт., грав. акад. И. П. Пожалостиным и факс. |
| Том | Т. 6 |
| 250 ## - Област на изданието | |
| Сведения за изданието | 2. изд. |
| 260 ## - Област на издателските данни | |
| Място на издаване, разпространение и проч. | Санкт-Петербург |
| Година на издаване | 1886 |
| 9 (RLIN) | 213438 |
| Име на издателя, разпространителя и проч. | А. Ф. Маркс |
| 300 ## - Физическа характеристика | |
| Размери/Мащаб | 22 см |
| 380 ## - Жанр | |
| Жанр | Худож. лит. |
| 490 ## - СЕРИИ (Колекции) | |
| 9 (RLIN) | 435080 |
| Име на серия | Колекция Редки и ценни издания |
| 700 ## - Други автори (авторска отговорност) | |
| 9 (RLIN) | 599 |
| Лично име | Пожалостин, Иван Петрович |
| Автороска отговорност (Описва отношението между автора и произведението) | ил. |
| 760 ## - Описание на основната серия | |
| Страници - том | 392 с. : 1 л. портр. |
| Част - том | Т. 6 |
| 852 ## - Местоположение | |
| Форматна сигнатура | Рр 886 |
| Фондова буква | Редки и ценни |
| 999 ## - СИСТЕМНИ КОНТРОЛНИ НОМЕРА | |
| Koha biblionumber | 390400 |
| Koha biblioitemnumber | 390400 |
| 942 ## - АРТИКУЛИ | |
| Вид на библиотечния материал | Книги |
| Скрит в OPAC | Не |
| Периодичен библиозапис | Да |
| 944 ## - СЪЗДАВАНЕ И РЕДАКЦИЯ на ЗАПИСА | |
| Създаване/Редакция | Създаване |
| Дата на регистрацията/редакция | 2020-10-23 |
| Служител, извършил регистрацията/редакцията | ВЙ |
| 999 ## - СИСТЕМНИ КОНТРОЛНИ НОМЕРА | |
| Koha biblioitemnumber | 390400 |
| 999 ## - СИСТЕМНИ КОНТРОЛНИ НОМЕРА | |
| Koha biblioitemnumber | 390400 |
| Код за отписване | Код за изгубен артикул | Източник на класификационната схема | Код за повреда | Коз за рестрикции | Код за отдаване | Артикулен № | Име на библиотеката - собственик | Име на библиотеката, в която се намира в момента | Статус (Текущо местоположение) | Дата на вписване в системата | Местоположение - отдел | Цена в лева | Инвентарен номер | Систематично азбучна сигнатура | Баркод | Цена в евро | Служебен тип на артикула |
|---|---|---|---|---|---|---|---|---|---|---|---|---|---|---|---|---|---|
| Не е изгубен | Universal Decimal Classification | Не е повреден | само за читалня | Специални фондове ( старопечатни, редки и ценни, фонд М. Арнаудов) | 803945 | Регионална библиотека "Любен Каравелов" Русе | Регионална библиотека "Любен Каравелов" Русе | Редки и ценни | 2020-10-26 | Редки и ценни | 0.31 | 2761-VІ | Рр 886 | 900000036714 | 0.16 | Книги |